| 000 | 00609nam a2200169Ia 4500 | ||
|---|---|---|---|
| 999 |
_c19339 _d19339 |
||
| 082 | _aRP 0273 | ||
| 100 | _aPatrick, Martin | ||
| 245 | 0 |
_aRisk-return parity and pricing of securities in Indian capital market: an empirical investigation for the period 1996-2008 _b: |
|
| 260 |
_c2011 _bIndian Council of Social Science, New Delhi |
||
| 300 | _axix, 174 | ||
| 650 |
_aCapital market _zIndia _z1996-2008 |
||
| 650 |
_aStock exchanges _zIndia _z1996-2008 |
||
| 650 |
_aSecurities _zIndia _z1996-2008 |
||
| 650 |
_aSecurities _vPrices _zIndia _z1996-2008 |
||
| 710 | _aMaharaja College, Ernakulam | ||
| 942 |
_cRP _2ddc |
||